00516nam a2200181Ia 450000500170000000800410001702000230005804000190008104100120010008200130011210000190012524500520014426000510019630000130024750400500026065000140031085000100032420240113092133.0131103s9999 xx 000 0 und d a8176484520cRs 995 aLoreto College aEnglish a370bCHI aChitkara, M.G. aEducation and Human Values, bChitakra, M. G. aNew DelhibA.P.H. Publishing Corporationc2003 axx,483p  aIncludes bibliographical references and index aEducation aLCLIB